| 000 | 00781cam a22002651 4500 | ||
|---|---|---|---|
| 001 | 3420 | ||
| 003 | BD-RjUL | ||
| 005 | 20211208233728.0 | ||
| 008 | 131219s1947 nyua 001 0 eng | ||
| 035 | _a(BD-RjUL)3454 | ||
| 035 | _a(OCoLC)2211598 | ||
| 040 |
_aDLC _cMeB _dDLC _dBD-RjUL _beng |
||
| 041 | _aeng | ||
| 082 | 0 | 0 |
_a380.16 _218 _bTRE 1947 |
| 100 | 1 |
_aTroxel, Charles Emery, _d1908- _910742 |
|
| 245 | 1 | 0 |
_aEconomics of public utilities / _c[by] Emery Troxel. |
| 260 |
_aNew York : _bRinehart & company, inc., _cc1947. |
||
| 300 |
_axiv, 892 p. : _bdiagrs. ; _c24 cm. |
||
| 504 | _a"References": p. 803-864. | ||
| 650 | 0 |
_aPublic utilities _99229 |
|
| 650 | 0 |
_aPublic utilities _zUnited States. _99229 |
|
| 942 |
_2ddc _cBK |
||
| 999 |
_c3420 _d3420 |
||